Legal Aspects of Death (Record no. 249443)

MARC details
000 -LEADER
fixed length control field 00337pam a2200133a 44500
008 - FIXED-LENGTH DATA ELEMENTS--GENERAL INFORMATION
fixed length control field 230405s2009 xxu||||| |||| 00| 0 eng d
020 ## - INTERNATIONAL STANDARD BOOK NUMBER
International Standard Book Number 8123917570
Terms of availability Rs. 285
082 ## - DEWEY DECIMAL CLASSIFICATION NUMBER
Classification number 610.026
Item number DIM
100 ## - MAIN ENTRY--PERSONAL NAME
Personal name Dimond, Bridgit C.
245 ## - TITLE STATEMENT
Title Legal Aspects of Death
260 ## - PUBLICATION, DISTRIBUTION, ETC.
Place of publication, distribution, etc. New Delhi
Name of publisher, distributor, etc. CBS Pub.
Date of publication, distribution, etc. 2009
300 ## - PHYSICAL DESCRIPTION
Extent 226 p
906 ## - LOCAL DATA ELEMENT F, LDF (RLIN)
a 000670

No items available.